Online Catalogue and eLibrary

Pallu ilakkiyam oru samoogaviyal parvai : (Record no. 4086)

MARC details
000 -LEADER
fixed length control field 00422nam a2200157Ia 4500
005 - DATE AND TIME OF LATEST TRANSACTION
control field 20250316144328.0
008 - FIXED-LENGTH DATA ELEMENTS--GENERAL INFORMATION
fixed length control field 240331s9999 xx 000 0 und d
082 ## - DDC Classification
Item Number - Author Mark KES
Class No. 894
100 ## - MAIN ENTRY--PERSONAL NAME
Personal name Kesavan, K
245 #0 - TITLE STATEMENT
Title Pallu ilakkiyam oru samoogaviyal parvai :
Remainder of title oru samugaviyal paarvai
260 ## - PUBLICATION, DISTRIBUTION, ETC.
Place of publication, distribution, etc. Shiva Kangai
Name of publisher, distributor, etc. Anam Pvt Ltd
Date of publication, distribution, etc. 1991
300 ## - PHYSICAL DESCRIPTION
Extent (e.g. Volumes, Pages etc.) 138 p .,
650 ## - SUBJECT ADDED ENTRY--TOPICAL TERM
Topical term or geographic name entry element Pallu Ilakkiyam
650 ## - SUBJECT ADDED ENTRY--TOPICAL TERM
Topical term or geographic name entry element Samugaviyal
942 ## - Koha item type (Biblio)
Koha item type Books in Stacks (Lending)
Holdings
Lost status Damaged status Collection code Home library Current library Shelving location Date acquired Full call number Accession Number Item type
    Lending WERC Library WERC Library Social Science Cupboard 03/31/2024 894.811 KES 1598 Books in Stacks (Lending)

© WERC Library